000 00489nam a2200181Ia 4500
001 60076
008 160728n ii |||gr||||Z||||||807
020 _a978-81-906493-2-2
041 _a807
082 _a891.43309
100 _a.Surve,
_eVasant Dadu .,
245 0 _aGajendra Ke Upanyanson Ka Anushilan
_cDr.Vasant Dadu Surve
_hTextual Documents
260 _aKanpur:
_bSahitya Sagar.
300 _a152p:
_c23cm.
653 _aHindi Literature
653 _aG - Hindi
942 _2ddc
_cBK
999 _c59950
_d59950